000 00691cam a2200241 a 4500
001 12010464
005 20180301050152.0
008 000516s2001 maua b 001 0 eng
010 _a 00104679
020 _a0312247389
040 _aDLC
_cDLC
_dDLC
041 _aeng
042 _apcc
080 _a410 wil
082 0 0 _a410 wil
_221
100 _a25
101 _aedu
245 0 0 _aContemporary linguistics :
_cWilliam O'Grady ... [et al.].
504 _aIncludes bibliographical references and indexes.
906 _a7
_bcbc
_corignew
_d2
_eepcn
_f20
_gy-gencatlg
942 _2ddc
_cBK
999 _c43807
_d43807